| 000 | 00904cam a2200325 i 4500 | ||
|---|---|---|---|
| 001 | 200468166 | ||
| 003 | TR-AnTOB | ||
| 005 | 20260417092021.0 | ||
| 007 | ta | ||
| 008 | 750527s1975 nyu 000 1 eng d | ||
| 010 | _a 75313620 | ||
| 015 | _aGB75-06512 | ||
| 020 | _a0380005336 | ||
| 035 | _a3638924 | ||
| 040 |
_aDLC _beng _erda _cDLC _dDLC _dTR-AnTOB |
||
| 041 | 0 | _aeng | |
| 050 | 0 | 0 |
_aPR6073.E374 _bF46 1975 |
| 090 |
_aPR6073.E374 _bF46 1975 |
||
| 100 | 1 |
_aWeldon, Fay _eauthor _9153753 |
|
| 245 | 1 | 0 |
_aFemale friends / _cFay Weldon. |
| 264 | 1 |
_aNew York: _bAvon Books, _c1975. |
|
| 300 |
_a295 pages ; _c23 cm. |
||
| 336 |
_atext _btxt _2rdacontent |
||
| 337 |
_aunmediated _bn _2rdamedia |
||
| 338 |
_avolume _bnc _2rdacarrier |
||
| 650 | 0 |
_aWomen and literature _zGreat Britain _989360 |
|
| 650 | 0 |
_aMother and child _xFiction _9113064 |
|
| 942 |
_2lcc _cBK |
||
| 999 |
_c200468166 _d86378 |
||